Central Library OPAC University of Rajshahi

Demand analysis : (Record no. 42805)

MARC details
000 -LEADER
fixed length control field 00769nam a2200241 a 4500
001 - CONTROL NUMBER
control field 42805
003 - CONTROL NUMBER IDENTIFIER
rucl marc code BD-RjUL
005 - DATE AND TIME OF LATEST TRANSACTION
control field 20211209053609.0
008 - FIXED-LENGTH DATA ELEMENTS--GENERAL INFORMATION
fixed length control field 160615s1953 nyu 001 0 eng d
035 ## - SYSTEM CONTROL NUMBER
System control number (BD-RjUL)42923
040 ## - CATALOGING SOURCE
Original cataloging agency BD-RjUL
Language of cataloging eng
Transcribing agency BD-RjUL
041 ## - LANGUAGE CODE
Language code of text/sound track or separate title eng
082 ## - DEWEY DECIMAL CLASSIFICATION NUMBER
Classification number 330.015195
Author mark and year WOD 1953
100 1# - MAIN ENTRY--PERSONAL NAME
Personal name Wold, Herman O. A.,
Dates associated with a name 1908-1992
9 (RLIN) 131546
245 10 - TITLE STATEMENT
Title Demand analysis :
Remainder of title a study in econometrics /
Statement of responsibility, etc. by Herman Wold
260 ## - PUBLICATION, DISTRIBUTION, ETC. (IMPRINT)
Place of publication, distribution, etc. New York :
Name of publisher, distributor, etc. Wiley,
Date of publication, distribution, etc. 1953 [Printing 1964-1966]
300 ## - PHYSICAL DESCRIPTION
Pagination 358 p. :
Illustrations tables, formulae, graphs ;
Size 24 cm
500 ## - GENERAL NOTE
General note Includes index
650 #0 - SUBJECT ADDED ENTRY--TOPICAL TERM
Topical term or geographic name as entry element Demand (Economic theory)
General subdivision Econometrics
9 (RLIN) 131547
700 1# - ADDED ENTRY--PERSONAL NAME
Personal name Juréen, Lars
830 #0 - SERIES ADDED ENTRY--UNIFORM TITLE
Uniform title Wiley publications in statistics
942 ## - ADDED ENTRY ELEMENTS (KOHA)
Source of classification or shelving scheme Dewey Decimal Classification
Koha item type Books
Holdings
Lost status Source of classification or shelving scheme Damaged status Not for loan Collection code Permanent Location Current Location Shelving location Date acquired Source of acquisition Total Checkouts Full call number Date last seen Copy number Koha item type Cost, normal purchase price
  Dewey Decimal Classification     Non-fiction Central Library, University of Rajshahi Central Library, University of Rajshahi   07/02/1985 Socio economic board   330.015195 WOD 1953 16/06/2016 C-2 Books  
  Dewey Decimal Classification     Non-fiction Central Library, University of Rajshahi Central Library, University of Rajshahi   07/02/1985 Socio economic board   330.015195 WOD 1953 16/06/2016 C-3 Books  
  Dewey Decimal Classification     Non-fiction Central Library, University of Rajshahi Central Library, University of Rajshahi   21/12/1967 National book agency, Dacca   330.015195 WOD 1966 16/06/2016 C-4 Books 72.00
  Dewey Decimal Classification     Non-fiction Central Library, University of Rajshahi Central Library, University of Rajshahi   21/12/1967 National book agency, Dacca   330.015195 WOD 1966 16/06/2016 C-5 Books 72.00
  Dewey Decimal Classification     Non-fiction Central Library, University of Rajshahi Central Library, University of Rajshahi   24/11/1965 Zeitlinger   330.015195 WOD 1964 16/06/2016 C-6 Books 72.00
  Dewey Decimal Classification     Non-fiction Central Library, University of Rajshahi Central Library, University of Rajshahi   24/11/1965 Zeit   330.015195 WOD 1964 04/09/2016 C-7 Books 72.00
  Dewey Decimal Classification   Not For Loan Non-fiction Central Library, University of Rajshahi Central Library, University of Rajshahi Reading Room 06/02/1963 Zeitlinger   330.015195 WOD 1953 20/05/2017 C-1 Books 64.00